000 00500nam a2200181Ia 4500
999 _c34578
_d34578
003 OSt
005 20200904094643.0
008 190216s9999||||xx |||||||||||||| ||und||
020 _a9788184873177
040 _coclc
082 _a530.12
_bGHO/Q
100 _aGhosh, P K
_91348
245 0 _aQuantum Mechanics /
_cP K Ghosh
260 _bNarosa Publishing House,
_c2014.
_aNew Delhi:
300 _a300p
650 _aPhysics
942 _cBK
_2ddc
_h530.12
_iGHO/Q
_k530.12
_mGHO/Q